Bitácora de los oficios / (Record no. 630)

MARC details
000 -LEADER
campo de control de longitud fija 01369cam a22003137a 4500
001 - NÚMERO DE CONTROL
campo de control 17969614
005 - FECHA Y HORA DE LA ÚLTIMA TRANSACCIÓN
campo de control 20220326193325.0
008 - DATOS DE LONGITUD FIJA--INFORMACIÓN GENERAL
campo de control de longitud fija 131212s2012 cr a c 000 0 spa d
010 ## - NÚMERO DE CONTROL DE LA BIBLIOTECA DEL CONGRESO
Número de control de LC 2014480681
020 ## - NÚMERO INTERNACIONAL ESTÁNDAR DEL LIBRO
Número Internacional Estándar del Libro 9789930944349
020 ## - NÚMERO INTERNACIONAL ESTÁNDAR DEL LIBRO
Número Internacional Estándar del Libro 9930944346
035 ## - NÚMERO DE CONTROL DEL SISTEMA
Número de control de sistema (OCoLC)ocn879682002
040 ## - FUENTE DE CATALOGACIÓN
Centro catalogador/agencia de origen LRU
Centro/agencia transcriptor LRU
Centro/agencia modificador OCLCO
-- TEF
-- OCLCO
-- DLC
041 1# - CÓDIGO DE IDIOMA
Código de lengua del texto/banda sonora o título independiente spa
-- eng
042 ## - CÓDIGO DE AUTENTICACIÓN
Código de autenticación lccopycat
082 ## - NÚMERO DE LA CLASIFICACIÓN DECIMAL DEWEY
Número de clasificación 760
Número de ítem Ch512b
100 1# - ENTRADA PRINCIPAL--NOMBRE DE PERSONA
Nombre de persona Chanto, Sila,
Fechas asociadas al nombre 1969-
9 (RLIN) 2828
245 10 - MENCIÓN DEL TÍTULO
Título Bitácora de los oficios /
Mención de responsabilidad, etc. curaduría, María José Chavarría.
260 ## - PUBLICACIÓN, DISTRIBUCIÓN, ETC.
Lugar de publicación, distribución, etc. San José, Costa Rica :
Nombre del editor, distribuidor, etc. Museo de Arte y Diseño Contemporáneo,
Fecha de publicación, distribución, etc. 2012.
300 ## - DESCRIPCIÓN FÍSICA
Extensión 48 p. :
Otras características físicas col. ill. ;
Dimensiones 24 cm.
505 ## - NOTA DE CONTENIDO CON FORMATO
Título Presentacion
Mención de responsabilidad Fiorella Resenterra
Título Bitacora de los oficios
Mención de responsabilidad Maria Jose Chavarria
Título Obras y referencias
-- Cadaver exquisito
-- Sila Chanto y su vigilia de multiples espejos
Mención de responsabilidad Alfonso Peña
Título Traducciones
-- Curriculum Vitae
-- Creditos y agradecimientos
546 ## - NOTA DE IDIOMA
Nota de lengua/lenguaje Spanish and Enlish.
600 10 - PUNTO DE ACCESO ADICIONAL DE MATERIA--NOMBRE DE PERSONA
Nombre de persona Chanto, Sila,
Fechas asociadas al nombre 1969-
9 (RLIN) 2829
650 #0 - PUNTO DE ACCESO ADICIONAL DE MATERIA--TÉRMINO DE MATERIA
Término de materia o nombre geográfico como elemento de entrada Engraving
Subdivisión geográfica Costa Rica
Subdivisión de forma Exhibitions.
9 (RLIN) 2830
700 1# - ENTRADA AGREGADA--NOMBRE PERSONAL
Nombre de persona Chavarría, María José.
9 (RLIN) 2428
710 2# - ENTRADA AGREGADA--NOMBRE DE ENTIDAD CORPORATIVA
Nombre de entidad corporativa o nombre de jurisdicción como elemento de entrada Museo de Arte y Diseño Contemporáneo (San José, Costa Rica)
9 (RLIN) 2429
906 ## - ELEMENTOS DE DATOS F LOCAL, LDF (RLIN)
a 7
b cbc
c copycat
d 3
e ncip
f 20
g y-gencatlg
Holdings
Estatus retirado Estado de pérdida Fuente del sistema de clasificación o colocación Estado de daño No para préstamo Biblioteca de origen Biblioteca actual Ubicación en estantería Fecha de adquisición Total de préstamos Signatura topográfica completa Código de barras Visto por última vez Precio de reemplazo Tipo de ítem Koha
    Clasificación Decimal Dewey     Biblioteca LadoV Biblioteca LadoV   27/05/2015   760 Ch512b 000707 27/05/2015 27/05/2015 Material 01